| 000 | 00662nam a2200253Ia 4500 | ||
|---|---|---|---|
| 001 | 12561 | ||
| 003 | GE_BSU | ||
| 008 | 181216s||||||||xx |||||||||||||| ||und|| | ||
| 020 | _a9782011554420 | ||
| 040 | _cGE_BSU | ||
| 080 | _a811.133.1 | ||
| 100 | _aBerthet, Annie. Hugot, Catherine. Kizirian, Veronique M.. Sampsonis, Beatrix Waendendries | ||
| 245 | _aAlter Ego. Methode de Frangais. A2. 2 | ||
| 245 | _bCd inclus | ||
| 260 | _aParis | ||
| 260 | _bHachette | ||
| 260 | _c2006 | ||
| 300 | _a192p.ill.29cm. | ||
| 300 | _eCD | ||
| 541 | _h66Gel. | ||
| 653 | _aAlter Ego. Methode de Frangais | ||
| 653 | _aგრამატიკა | ||
| 942 | _cBK | ||
| 999 |
_c45734 _d45734 |
||